000 00572nam a2200205Ia 4500
005 20231207100253.0
008 131103s9999 xx 000 0 und d
020 _a710073216
040 _aLoreto College
041 _aEnglish
082 _a420.7
_bSHA
100 _aShayer,David
245 4 _aThe Teaching of English in Schools 1900- 970,
_cDavid Shayer
260 _aLondon
_bRoutledge and Kegan Paul
_c1972
300 _a206 p.
504 _aIncludes index and bibliographical references
650 _aCommunicative English
850 _aLCLIB
942 _cBK
999 _c6974
_d57453